000 00802cam a22002891 4500
001 7964656
003 ARRUPE
005 20131211143153.0
008 780320s1961 enk b 000 0 eng
010 _a 61019181
015 _aGB61-11573
035 _a(OCoLC)3732264
040 _aDLC
_cMiRochOU
_dUk
_dDLC
042 _apremarc
043 _af-ae---
050 0 0 _aSPC DT295
_b.M36
082 _a965.04
100 1 _aMansell, Gerard.
_95493
245 1 0 _aTragedy in Algeria.
260 _aLondon,
_aNew York,
_bOxford University Press,
_c1961.
300 _a76 p.
_c19 cm.
504 _aIncludes bibliography.
650 0 _aNationalism
_zAlgeria.
_95494
651 0 _aAlgeria
_xHistory
_y1945-1962.
_95495
906 _a7
_bcbc
_coclcrpl
_du
_encip
_f19
_gy-gencatlg
942 _2lcc
_cREFERENCE
999 _c119199
_d119199